Toán rời rạc ứng dụng trong tin học
Spremljeno u:
| Glavni autor: | |
|---|---|
| Format: | Knjiga |
| Jezik: | Undetermined |
| Izdano: |
Hà Nội
Giáo dục
2008
|
| Online pristup: | http://lrc.tdmu.edu.vn/opac/search/detail.asp?aID=2&ID=3210 |
| Oznake: |
Dodaj oznaku
Bez oznaka, Budi prvi tko označuje ovaj zapis!
|
| Thư viện lưu trữ: | Trung tâm Học liệu Trường Đại học Thủ Dầu Một |
|---|
| LEADER | 00563nam a2200181Ia 4500 | ||
|---|---|---|---|
| 001 | TDMU_3210 | ||
| 008 | 210410s9999 xx 000 0 und d | ||
| 082 | |a 004.01 | ||
| 090 | |b Đ450 | ||
| 100 | |a Đỗ Đức Giáo | ||
| 245 | 0 | |a Toán rời rạc ứng dụng trong tin học | |
| 245 | 0 | |c Đỗ Đức Giáo | |
| 260 | |a Hà Nội | ||
| 260 | |b Giáo dục | ||
| 260 | |c 2008 | ||
| 300 | |a 407tr. | ||
| 856 | |u http://lrc.tdmu.edu.vn/opac/search/detail.asp?aID=2&ID=3210 | ||
| 980 | |a Trung tâm Học liệu Trường Đại học Thủ Dầu Một | ||